| 000 | 01334nam a22003494a 4500 | ||
|---|---|---|---|
| 001 | ebr10114241 | ||
| 003 | CaPaEBR | ||
| 006 | m u | ||
| 007 | cr cn||||||||| | ||
| 008 | 080924s2003 inua s 001 0 eng | ||
| 010 | _z 2003107070 | ||
| 020 | _z0764543687 | ||
| 040 |
_aCaPaEBR _cCaPaEBR |
||
| 035 | _a(OCoLC)647474852 | ||
| 050 | 1 | 4 |
_aQA76.9.D3 _bC4215 2003eb |
| 082 | 0 | 4 |
_a005.75/85 _222 |
| 100 | 1 | _aChaffin, Mark. | |
| 245 | 1 | 0 |
_aProfessional SQL server 2000 DTS _h[electronic resource] / _cMark Chaffin, Brian Knight, Todd Robinson ; with Cary Beuershausen, Robin Dewson, Trey Johnson. |
| 260 |
_aIndianapolis, IN : _bWrox, _cc2003. |
||
| 300 |
_axvii, 855 p. : _bill. |
||
| 500 | _a"Programmer to programmer"-- Cover p. [1]. | ||
| 500 | _aIncludes index. | ||
| 533 |
_aElectronic reproduction. _bPalo Alto, Calif. : _cebrary, _d2013. _nAvailable via World Wide Web. _nAccess may be limited to ebrary affiliated libraries. |
||
| 630 | 0 | 0 | _aSQL server. |
| 650 | 0 | _aDatabase management. | |
| 650 | 0 | _aData transmission systems. | |
| 655 | 7 |
_aElectronic books. _2local |
|
| 700 | 1 |
_aKnight, Brian, _d1953- |
|
| 700 | 1 | _aRobinson, Todd. | |
| 710 | 2 | _aebrary, Inc. | |
| 856 | 4 | 0 |
_uhttp://site.ebrary.com/lib/rucke/Doc?id=10114241 _zAn electronic book accessible through the World Wide Web; click to view |
| 999 |
_c105775 _d105775 |
||